| 000 | 01226nam a2200325 a 4500 | ||
|---|---|---|---|
| 001 | 000108807 | ||
| 003 | CHAP | ||
| 005 | 20220329144025.0 | ||
| 008 | 140313s2013 mx | |sm |||||||spa|d | ||
| 010 | _a105269 | ||
| 011 | _a106241 | ||
| 040 | _cCHAP | ||
| 090 | _aTesis | ||
| 100 | 1 |
_aGonzález Jiménez, María Gabriela _9125866 |
|
| 245 | 1 | 0 |
_aEvaluación del perfil de egreso oficial y real de psicología de la Universidad del Valle de México _h[En línea] _cpor María Gabriela González Jiménez. |
| 260 |
_aChapingo, Méx. : _bEl autor, _c2013. |
||
| 500 | _aPara ver el contenido del material haga clic en la liga | ||
| 502 | _aTesis (M.C. en Procesos Educativos) -- UACH. Maestría en Procesos Educativos | ||
| 590 |
_aBATCH-UPD _b10 _c20140324 _lUCH01 _h1536 |
||
| 590 |
_aBATCH-UPD _b10 _c20141002 _lUCH01 _h0857 |
||
| 590 |
_aE11695DGD _b10 _c20140318 _lUCH01 _h1027 |
||
| 590 |
_aE792CSJ _b05 _c20140313 _lUCH01 _h0859 |
||
| 590 |
_aE792CSJ _b05 _c20140313 _lUCH01 _h0859 |
||
| 650 | 1 | 4 |
_aPsicología _xEstudio y enseñanza. _992601 |
| 650 | 1 | 4 |
_aPsicología _xMetodología. _992604 |
| 856 |
_aFinding aid _uhttp://10.13.5.2/tesis/sist108807.pdf _zTeclea aquí |
||
| 901 | _aBK | ||
| 942 | _cTESIS | ||
| 942 | _n0 | ||
| 999 |
_c105269 _d105269 |
||